000 01435cam a2200301 i 4500
003 SA-RiAUC
005 20250822123004.0
008 250129s2015____su g b f000r0cara c
020 _a978603053781
040 _aSA-JeALM
_bara
_cSA-RiAUC
_dKAC
_erda
043 _aa-su---
082 0 4 _a953.122
_qSA-RiAUC
090 _a953.122
_b هـ ي ل
100 1 _aالهيلة، محمد الحبيب،
_d1931-
_eمؤلف.
245 1 2 _aالتاريخ والمؤرخون بالمدينة المنورة من العصر الأموي إلى القرن الرابع عشر الهجري /
_cمحمد الحبيب الهيلة.
264 1 _aالمدينة المنورة :
_bمركز بحوث ودراسات المدينة المنورة،
_c2015
300 _a369 صفحة ؛
_c24 سم.
336 _aنص
_btxt
_2rdacontent
_3كتاب
337 _aبدون وسيط
_bn
_2rdamedia
338 _aمجلد
_bnc
_2rdacarrier
490 0 _aمطبوعات نادي المدينة المنورة الأدبي ؛
_v103
500 _aاهداء من المؤلف محمد الحبيب الهيلة بتاريخ 14 جمادى الاولى 1438 هـ
504 _aببليوجرافية : صفحة 335-369.
650 7 _aالمؤرخون العرب
_vتراجم
_2aucsh
651 7 _aالمدينة المنورة
_xتاريخ
_yالعصر الأموي، 41-132 هجري.
_2aucsh
942 _2ddc
_cBOOK
_n0
949 _aSA-JeALM
_d250129
_uosman123
_n1
999 _c5601
_d5601